000 00431nam a22001097a 4500
008 150914b xxu||||| |||| 00| 0 eng d
100 _aWinkler, Karl
245 _aHandbuch der bayerischen Poststempel
260 _aNurnberg, Germany
_bKarl Ulrich & Co.,
_c1952
500 _3Text in German: Handbook of Bavarian postal markings.
650 _aGermany | Bavaria (1849-1920) | Postal Markings | German States | Postal History | Post Offices
999 _c1717
_d1717